000 00530cam a22001571 4500
082 _a665.55
_bPUG
_cL-17, P-2
100 1 _aPugh, B.
_944838
245 0 0 _aFuels and lubricating oils for internal-combustion engines,
_cby B. Pugh and J.M.A. Court.
260 _aLondon,
_bI. Pitman,
_c1949.
300 _aix, 168 p.
_bdiagrs.
_c19 cm.
526 _a0
_b0
_c0
_d665_550000000000000_PUG
650 0 _aLubrication and lubricants.
_941091
650 0 _aMotor fuels.
_96052
700 1 _aCourt, Jack Milson Alfred,
_944839
942 _2ddc
_cBK
999 _c548503
_d548503